000
002790000a22000970004500
100
1
_a
Kohl, Manfred Waldermar
245
1
0
_a
Current trends in theological education
300
_a
No. 1 (February, 2001), Páginas 26-40
773
0
_t
International congregational journal
942
_c
ANA
999
_c
59627
_d
59627